| 000 | 01217nam0a22003011 4500 | ||
|---|---|---|---|
| 001 | rc\4000642 | ||
| 005 | 20130415124337.9 | ||
| 021 |
_aRU _b[56-44082] |
||
| 035 | _a(NLR Aleph) 008072663 | ||
| 090 |
_a9072834 _c9072834 |
||
| 100 | _a20130415d1956 |||y0rusy50 ca | ||
| 101 | 0 | _arus | |
| 102 | _aRU | ||
| 105 | _ay z ||||| | ||
| 200 | 1 |
_aПереливание крови и донорство _e(Материалы для лекций и бесед) _fИспол. ком-т Союза обществ Красного Креста и Красного Полумесяца СССР |
|
| 210 |
_a[Москва] _cМедгиз _d1956 |
||
| 215 |
_a7 с. _d22 |
||
| 300 | _aСост. указаны на 7-й с. | ||
| 606 |
_aПереливание крови _2psbo |
||
| 606 |
_aДонорство _2psbo |
||
| 700 | 1 |
_aВолонихин _bГ. М. _4220 |
|
| 701 | 1 |
_aЯковлева _bС. П. _4220 |
|
| 712 | 0 | 2 |
_aСоюз обществ Красного Креста и Красного Полумесяца СССР _bИсполнительный комитет _3RU\NLR\AUTH\8810062854 |
| 801 | 0 |
_aRU _bNLR _gpsbo |
|
| 801 | 1 |
_aRU _bELAR _2rusmarc |
|
| 852 |
_aNLR _jМд96 Г-6/711 |
||
| 942 | _cBOOK | ||
| 980 | _aNB | ||